00599nam a2200193Ia 4500008004100000020001400041082001400055100003800069245002800107250000800135260004500143300002900188500001900217600002700236650001500263942000700278952010500285999001500390240925s9999 xx 000 0 und d a131902083 a658.8 KOT aKotler, Philip ; Armstrong, Gary 0aPrinciples of Marketing a7th aNew Jersey:bPrintice- Hall Int.c,1996. axvii,542p.bNAfOriginal aIncludes Index aEngineering Technology aManagement cBK 001040708ETaUITUbUITUd2000-08-16eNAl0o658.8 KOTpQ2724r2024-09-25 07:12:54w2024-09-25yBK c5223d5223